Thinking Europe : The Scenario Book /

Salvato in:
Dettagli Bibliografici
Altri autori: Steiner, Barbara (Redattore)
Natura: Libro
Lingua:inglese
tedesco
Pubblicazione: Berlin : Jovis Verlag, 2012
Edizione:1. vydanie
Soggetti:
Tags: Aggiungi Tag
Nessun Tag, puoi essere il primo ad aggiungerne!!

MARC

LEADER 00000nam a22000003a 4500
001 0071944
003 SK-STU
005 20200120102448.9
007 ta
008 190225s ----xo-----e------000-0-----d
020 |a 978-3-86859-188-0 
040 |a STU  |b slo 
041 0 |a eng  |a ger 
044 |a gw 
100 1 |a Steiner, Barbara  |4 edt 
245 1 0 |a Thinking Europe :  |b The Scenario Book /  |c ed. Barbara Steiner 
250 |a 1. vydanie 
260 |a Berlin :  |b Jovis Verlag,  |c 2012 
300 |a 261 s. 
650 0 7 |a výtvarné umenie 
650 0 7 |a vizuálne umenie 
650 0 7 |a projekty 
650 0 7 |a Európa 
650 0 7 |a spoločnosť 
996 |b 284AU07925  |c A* 11185/U  |l AAKNAR  |s A  |a 24  |w 0071944_0001